Niklas Luhmann : education as a social system

Saved in:
Bibliographic Details
Main Authors Baraldi, Claudio, 1962- (Author), Corsi, Giancarlo (Author)
Format Book
LanguageEnglish
Published Cham : Springer, [2017]
SeriesSpringer briefs in education
Key thinkers in education
Subjects
ISBN978-3-319-49973-4
ISSN2211-1921
2211-937X
Physical Descriptionvi, 127 stran ; 24 cm

Cover

LEADER 00000nam a2200000 i 4500
001 115561
003 CZ ZlUTB
005 20260429103522.0
007 ta
008 260429t20172017sz f 000 0 eng d
020 |a 978-3-319-49973-4  |q (brožováno) 
040 |a ZLD002  |b cze  |e rda 
043 |a e-gx--- 
072 7 |a 316  |x Sociologie  |2 Konspekt  |9 18 
080 |a 316-051  |2 MRF 
080 |a 316.3  |2 MRF 
080 |a 37.091.4  |2 MRF 
080 |a (430)  |2 MRF 
080 |a (048.8)  |2 MRF 
100 1 |a Baraldi, Claudio,  |d 1962-  |7 jn19990000431  |4 aut 
245 1 0 |a Niklas Luhmann :  |b education as a social system /  |c Claudio Baraldi, Giancarlo Corsi 
246 1 3 |a Education as a social system 
264 1 |a Cham :  |b Springer,  |c [2017] 
264 4 |c ©2017 
300 |a vi, 127 stran ;  |c 24 cm 
336 |a text  |b txt  |2 rdacontent 
337 |a bez média  |b n  |2 rdamedia 
338 |a svazek  |b nc  |2 rdacarrier 
490 1 |a Springer briefs in education,  |x 2211-1921 
490 1 |a Key thinkers in education,  |x 2211-937X 
504 |a Obsahuje bibliografii a bibliografické odkazy 
600 1 7 |a Luhmann, Niklas,  |d 1927-1998  |7 xx0002990  |2 czenas 
650 0 7 |a sociologové  |7 ph125768  |2 czenas 
650 0 7 |a sociální systémy  |7 ph125816  |2 czenas 
650 0 7 |a vzdělávací systémy  |7 ph127310  |2 czenas 
650 0 9 |a sociologists  |2 eczenas 
650 0 9 |a social systems  |2 eczenas 
650 0 9 |a educational systems  |2 eczenas 
651 7 |a Německo  |7 ge135889  |2 czenas 
651 9 |a Germany  |2 eczenas 
655 7 |a studie  |7 fd133597  |2 czenas 
655 9 |a studies  |2 eczenas 
700 1 |a Corsi, Giancarlo  |4 aut 
710 2 |a Springer (firma)  |7 ko2008480124  |4 pbl 
830 0 |a Springer briefs in education 
830 0 |a Key thinkers in education 
910 |a ZLD002 
942 |2 udc 
952 |0 0  |1 0  |4 0  |5 0  |6 316BARALDIC  |7 0  |8 BOOK  |9 190921  |a UTBZL  |b UTBZL  |c 005  |d 2026-04-29  |l 0  |o 316/BARALDI,C.  |p 420010201967  |r 2026-04-29 10:25:59  |v 956.00  |w 2026-04-29  |x N:nákup  |y 01 
992 |b SKNEW 
999 |c 115561  |d 115561